Taller en la enseñanza de la Arquitectura
Bewaard in:
| Coauteur: | |
|---|---|
| Formaat: | Boek |
| Taal: | Spaans |
| Gepubliceerd in: |
Concepción, Chile
Universidad del Bío-Bío
2000
|
| Onderwerpen: | |
| Tags: |
Voeg label toe
Geen labels, Wees de eerste die dit record labelt!
|
MARC
| LEADER | 00000nam a2200000 a 4500 | ||
|---|---|---|---|
| 001 | UCN2075 | ||
| 003 | CL-VaPUC | ||
| 005 | 20241007122728.0 | ||
| 008 | 010511e20000000CL |||||||||||||||||spa|d | ||
| 999 | |c 295234 |d 295232 | ||
| 040 | |c Pontificia Universidad Católica de Valparaíso | ||
| 082 | 0 | 4 | |a 720.7 UNI 2000 |2 21 |
| 110 | 2 | |a Universidad del Bío-Bío |9 457646 | |
| 245 | 1 | 0 | |a Taller en la enseñanza de la Arquitectura |
| 260 | |a Concepción, Chile |b Universidad del Bío-Bío |c 2000 | ||
| 300 | |a 267 páginas | ||
| 583 | |a last modification |c 20010511 00:00:00 |k Rodrigo Vera | ||
| 650 | 7 | |a ENSEÑANZA DE LA ARQUITECTURA |2 CL-VaPUC |9 337988 | |
| 650 | 0 | |a Arquitectura |9 804558 | |
| 650 | 0 | |a Diseño arquitectónico |9 265271 | |
| 650 | 0 | |a Diseño urbano |9 337440 | |
| 650 | 0 | |a Arquitectos |9 268647 | |
| 942 | |c BK |2 ddc | ||
| 945 | |d 20010511 00:00:00 |a vberengu | ||
| 952 | |0 0 |1 0 |2 ddc |4 0 |6 720_700000000000000_UNI_2000 |7 0 |8 A |9 348199 |a BIBARQ |b BIBARQ |d 2019-11-20 |i 3724239 |o 720.7 UNI 2000 |p 3724239 |r 2025-01-20 |t 1 |w 2019-11-20 |y BK |k ARQ | ||